Normal view
MARC view
- Low, Bevis Brund
Entry Personal Name
001 - CONTROL NUMBER
- control field: 7510
003 - CONTROL NUMBER IDENTIFIER
- control field: OSt
005 - DATE AND TIME OF LATEST TRANSACTION
- control field: 20250528144816.0
008 - FIXED-LENGTH DATA ELEMENTS
- fixed length control field: 250528|| aca||aabn | a|a d
040 ## - CATALOGING SOURCE
- Original cataloging agency: OSt
- Transcribing agency: OSt
100 ## - HEADING--PERSONAL NAME
- Personal name: Low, Bevis Brund
670 ## - SOURCE DATA FOUND
- Source citation: Work cat.: (OSt)5638: Low, Bevis Brund ., Strength of materials / , 1960.
